[Event "SC-2022-0-00417"]
[Site "LSS email"]
[Date "2022.07.12"]
[Round "?"]
[White "Stelmes, Santana"]
[Black "Selmeczi, Jozsef"]
[Result "1-0"]
[WhiteElo "1741"]
[BlackElo "1689"]
[PlyCount "47"]
[EventDate "2021.12.04"]
[EventType "tourn (corr)"]
[EventRounds "6"]
[EventCountry "GER"]
[SourceTitle "Corr 2024"]
[Source "ChessBase"]
[SourceDate "2023.10.19"]
[SourceVersion "1"]
[SourceVersionDate "2023.10.19"]
[SourceQuality "1"]

1. e4 Nc6 2. Nf3 d6 3. d4 a6 4. Nc3 Nf6 5. d5 Ne5 6. Nxe5 dxe5 7. f4 exf4 8. e5 Ng8 9. Bxf4 e6 10. Bc4 b5 11. Bb3 Bb7 12. dxe6 fxe6 13. Qh5+ g6 14. Qh3 Bc8 15. Bxe6 Bxe6 16. Qxe6+ Ne7 17. Ne4 Bg7 18. Nf6+ Kf8 19. Nd7+ Ke8 20. 0-0-0 c5 21. Nf6+ Bxf6 22. exf6 Ra7 23. f7+ Kf8 24. Bh6# 1-0

[Event "LSS No Engine Cup 228 Preliminary 0"]
[Site "LSS email"]
[Date "2022.07.09"]
[Round "?"]
[White "Selmeczi, Jozsef"]
[Black "Huber, Karl"]
[Result "0-1"]
[WhiteElo "2126"]
[BlackElo "2122"]
[PlyCount "46"]
[EventDate "2022.07.09"]
[EventType "tourn (corr)"]
[EventRounds "6"]
[EventCountry "GER"]
[SourceTitle "Corr 2024"]
[Source "ChessBase"]
[SourceDate "2023.10.19"]
[SourceVersion "1"]
[SourceVersionDate "2023.10.19"]
[SourceQuality "1"]

1. d4 Nf6 2. Nf3 d5 3. Nc3 c5 4. e3 e6 5. Bb5+ Nbd7 6. Ne5 a6 7. Bxd7+ Nxd7 8. Nxd7 Bxd7 9. a3 Qc7 10. h3 Bd6 11. Qd3 0-0 12. Qe2 f6 13. Bd2 Rac8 14. Qf3 cxd4 15. exd4 Qb6 16. b4 Qxd4 17. Qe3 Qxe3+ 18. fxe3 Bg3+ 19. Kd1 Be5 20. Nxd5 exd5 21. Rb1 Ba4 22. Ke2 Rxc2 23. Kd3 Ra2 0-1

[Event "SC-2022-0-00417"]
[Site "LSS email"]
[Date "2022.07.02"]
[Round "?"]
[White "Yaltirik, Osman"]
[Black "Selmeczi, Jozsef"]
[Result "0-1"]
[WhiteElo "1600"]
[BlackElo "1689"]
[PlyCount "22"]
[EventDate "2021.12.04"]
[EventType "tourn (corr)"]
[EventRounds "6"]
[EventCountry "GER"]
[SourceTitle "Corr 2024"]
[Source "ChessBase"]
[SourceDate "2023.10.19"]
[SourceVersion "1"]
[SourceVersionDate "2023.10.19"]
[SourceQuality "1"]

1. f4 d5 2. Nf3 f6 3. d4 e6 4. c4 Bb4+ 5. Bd2 Bxd2+ 6. Qxd2 Ne7 7. Nc3 a6 8. e3 b6 9. Bd3 Bb7 10. Rc1 Nbc6 11. b3 Qd6 0-1

[Event "SC-2021-0-00413"]
[Site "LSS email"]
[Date "2021.11.25"]
[Round "?"]
[White "Selmeczi, Jozsef"]
[Black "Gimenes, Luiz"]
[Result "0-1"]
[WhiteElo "1724"]
[BlackElo "1745"]
[PlyCount "60"]
[EventDate "2021.08.17"]
[EventType "tourn (corr)"]
[EventRounds "6"]
[EventCountry "GER"]
[SourceTitle "Corr 2024"]
[Source "ChessBase"]
[SourceDate "2023.10.19"]
[SourceVersion "1"]
[SourceVersionDate "2023.10.19"]
[SourceQuality "1"]

1. d4 d5 2. Nc3 Nf6 3. Nf3 e6 4. Qd3 c5 5. Bg5 Be7 6. e4 cxd4 7. Qxd4 h6 8. Bxf6 Bxf6 9. Qc5 Be7 10. Qe3 dxe4 11. Qxe4 a6 12. Bd3 Qc7 13. 0-0-0 Nc6 14. Kb1 Bd7 15. Qe3 0-0-0 16. h4 Kb8 17. a3 Rhe8 18. Rhe1 Bf6 19. Ne4 Be7 20. Nc3 Bc8 21. g3 Bf8 22. h5 Bd6 23. Ne4 Be7 24. Nc3 Rd6 25. Be4 Na5 26. Bd3 f6 27. Nh4 Rc6 28. Na4 b5 29. Nc3 Rxc3 30. bxc3 Bxa3 0-1

[Event "SC-2021-0-00413"]
[Site "LSS email"]
[Date "2021.11.25"]
[Round "?"]
[White "Swiatek, Janusz"]
[Black "Selmeczi, Jozsef"]
[Result "1-0"]
[WhiteElo "1745"]
[BlackElo "1724"]
[PlyCount "94"]
[EventDate "2021.08.17"]
[EventType "tourn (corr)"]
[EventRounds "6"]
[EventCountry "GER"]
[SourceTitle "Corr 2024"]
[Source "ChessBase"]
[SourceDate "2023.10.19"]
[SourceVersion "1"]
[SourceVersionDate "2023.10.19"]
[SourceQuality "1"]

1. e4 e5 2. Nf3 Nc6 3. Bb5 Nf6 4. 0-0 Bc5 5. Nxe5 Nxe5 6. d4 c6 7. dxe5 Nxe4 8. Bd3 d5 9. exd6 Nf6 10. Re1+ Be6 11. Nc3 Qxd6 12. Bg5 0-0-0 13. Bxf6 gxf6 14. Ne4 Qe7 15. Nxc5 Qxc5 16. Qf3 f5 17. Re3 Rd5 18. h3 Qd6 19. Rae1 Ra5 20. b3 Rd8 21. Bc4 Bxc4 22. bxc4 Qb4 23. Qg3 Ra3 24. c3 Qd6 25. Qg5 Ra5 26. Re7 h6 27. Qh5 Qf6 28. Rxf7 Qxc3 29. Qe2 Qb4 30. a3 Qd6 31. Qb2 b5 32. cxb5 Rxb5 33. Qg7 Qd2 34. Rfe7 Rd7 35. Qf8+ Rd8 36. Qf6 Qd6 37. R7e6 Qd4 38. Rxc6+ Kb7 39. Re7+ Kb8 40. Qxd4 Rxd4 41. Rxh6 Rd8 42. Rf6 Rb3 43. a4 Ra3 44. Rxf5 Rxa4 45. g4 a6 46. Kh2 Rc4 47. Kg3 Rc7 1-0

[Event "SC-2020-0-00399"]
[Site "LSS email"]
[Date "2020.12.20"]
[Round "?"]
[White "Langheld, Werner"]
[Black "Selmeczi, Jozsef"]
[Result "1-0"]
[WhiteElo "1661"]
[BlackElo "1726"]
[PlyCount "111"]
[EventDate "2020.10.01"]
[EventType "tourn (corr)"]
[EventRounds "6"]
[EventCountry "GER"]
[SourceTitle "Corr 2024"]
[Source "ChessBase"]
[SourceDate "2023.10.19"]
[SourceVersion "1"]
[SourceVersionDate "2023.10.19"]
[SourceQuality "1"]

1. e4 e6 2. Nf3 d5 3. e5 c5 4. b4 cxb4 5. a3 Nh6 6. axb4 Bxb4 7. c3 Be7 8. d4 Nf5 9. g4 Nh4 10. Nxh4 Bxh4 11. Bd3 Nc6 12. 0-0 Be7 13. f4 g6 14. f5 exf5 15. gxf5 Bxf5 16. Bxf5 gxf5 17. Kh1 Rg8 18. Qh5 Rg7 19. Na3 Qd7 20. Nc2 0-0-0 21. Bf4 Rg6 22. Ne3 Qe6 23. Nxf5 h6 24. Rf2 Bf8 25. Bg3 Rd7 26. Raf1 Nd8 27. Ne3 Qc6 28. Ra2 b6 29. Qe2 Qb7 30. Rfa1 Nc6 31. Qh5 Be7 32. Nf5 Bf8 33. Nh4 Rg5 34. Qf3 Rg8 35. Qf5 Rg5 36. Qh3 Rh5 37. Qf1 Rg5 38. e6 Re7 39. Bd6 Rh5 40. Ng2 Rxe6 41. Bxf8 Re4 42. Qf3 Rg5 43. Bxh6 Rg6 44. Bf4 Rge6 45. Qh5 f5 46. Bg3 Qd7 47. Nf4 Re7 48. Ng6 Rh7 49. Qf3 Re8 50. Ne5 Nxe5 51. dxe5 a5 52. Rb2 Rh6 53. c4 f4 54. Qxf4 Rhe6 55. c5 d4 56. Kg1 1-0

[Event "LSS No Engine Cup 193 Final"]
[Site "LSS email"]
[Date "2020.05.31"]
[Round "?"]
[White "Jenneborg, Seved"]
[Black "Selmeczi, Jozsef"]
[Result "1/2-1/2"]
[WhiteElo "2137"]
[BlackElo "2059"]
[PlyCount "82"]
[EventDate "2020.05.31"]
[EventType "tourn (corr)"]
[EventRounds "6"]
[EventCountry "GER"]
[SourceTitle "Corr 2022"]
[Source "ChessBase"]
[SourceDate "2021.10.24"]
[SourceVersion "1"]
[SourceVersionDate "2021.10.24"]
[SourceQuality "1"]

1. Nf3 Nf6 2. d4 e6 3. c4 Bb4+ 4. Bd2 Qe7 5. a3 Bxd2+ 6. Nbxd2 d6 7. e3 e5 8. Qc2 0-0 9. Bd3 Re8 10. dxe5 dxe5 11. Ng5 h6 12. Nge4 Nxe4 13. Bxe4 Nd7 14. Bh7+ Kf8 15. Bf5 g6 16. Bg4 Kg7 17. 0-0 f5 18. Be2 Nf6 19. Rfd1 Bd7 20. c5 Rad8 21. b4 Bc6 22. h3 a6 23. Rac1 Rd7 24. Nc4 Bd5 25. Qc3 Kh7 26. Na5 b6 27. cxb6 cxb6 28. Nc6 Qe6 29. b5 axb5 30. Bxb5 Bxc6 31. Qxc6 Qxc6 32. Bxc6 Rxd1+ 33. Rxd1 Rc8 34. Rd6 Kg7 35. f3 g5 36. a4 h5 37. Kh2 h4 38. Bb5 Rc1 39. Rxb6 Nh5 40. Bd3 Ng3 41. Rb1 Rc3 1/2-1/2

[Event "LSS No Engine Cup 193 Final"]
[Site "LSS email"]
[Date "2020.05.31"]
[Round "?"]
[White "Selmeczi, Jozsef"]
[Black "Hoehne, Micha"]
[Result "1/2-1/2"]
[WhiteElo "2059"]
[BlackElo "1977"]
[PlyCount "77"]
[EventDate "2020.05.31"]
[EventType "tourn (corr)"]
[EventRounds "6"]
[EventCountry "GER"]
[SourceTitle "Corr 2022"]
[Source "ChessBase"]
[SourceDate "2021.10.24"]
[SourceVersion "1"]
[SourceVersionDate "2021.10.24"]
[SourceQuality "1"]

1. d4 d5 2. c4 e6 3. Nf3 a6 4. cxd5 exd5 5. Nc3 Nf6 6. g3 h6 7. Bg2 Bd6 8. Ne5 0-0 9. 0-0 c6 10. Bf4 Be6 11. e4 Nxe4 12. Nxe4 dxe4 13. Bxe4 Bc7 14. Bc2 Nd7 15. Nxd7 Qxd7 16. Qd3 g6 17. Bxh6 Rfe8 18. Bb3 Bb6 19. Be3 Bf5 20. Qc3 a5 21. Bc4 a4 22. b4 Bg4 23. Rac1 Rad8 24. Qc2 Kg7 25. Qxa4 Bxd4 26. Qb3 b5 27. Bxd4+ Qxd4 28. Bxf7 Rf8 29. Bxg6 Kxg6 30. Rxc6+ Rf6 31. Rxf6+ Qxf6 32. Qc2+ Bf5 33. Qe2 Qe6 34. Qxe6+ Bxe6 35. Ra1 Bh3 36. f3 Rd2 37. a4 Rg2+ 38. Kh1 bxa4 39. Rxa4 1/2-1/2

[Event "LSS No Engine Cup 202 Preliminary 0"]
[Site "LSS email"]
[Date "2020.04.04"]
[Round "?"]
[White "Selmeczi, Jozsef"]
[Black "Bieszk, Stanislaw"]
[Result "1-0"]
[WhiteElo "2053"]
[BlackElo "1383"]
[PlyCount "37"]
[EventDate "2020.04.04"]
[EventType "tourn (corr)"]
[EventRounds "6"]
[EventCountry "GER"]
[SourceTitle "Corr 2022"]
[Source "ChessBase"]
[SourceDate "2021.10.24"]
[SourceVersion "1"]
[SourceVersionDate "2021.10.24"]
[SourceQuality "1"]

1. d4 Nf6 2. Nf3 d5 3. c4 c6 4. Nc3 e6 5. e3 Bb4 6. Qc2 Ne4 7. a3 Bxc3+ 8. bxc3 Nd7 9. Bd3 Ndf6 10. a4 0-0 11. Ba3 Re8 12. 0-0 b6 13. Ne5 Qc7 14. cxd5 exd5 15. c4 Bd7 16. cxd5 Nxf2 17. Rxf2 Nxd5 18. Bxh7+ Kh8 19. Nxf7# 1-0

[Event "LSS No Engine Cup 193 Preliminary 0"]
[Site "LSS email"]
[Date "2019.09.09"]
[Round "?"]
[White "Pauk, Jozef"]
[Black "Selmeczi, Jozsef"]
[Result "0-1"]
[WhiteElo "1096"]
[BlackElo "2118"]
[PlyCount "132"]
[EventDate "2019.09.10"]
[EventType "tourn (corr)"]
[EventRounds "6"]
[EventCountry "GER"]
[SourceTitle "Corr 2022"]
[Source "ChessBase"]
[SourceDate "2021.10.24"]
[SourceVersion "1"]
[SourceVersionDate "2021.10.24"]
[SourceQuality "1"]

1. d4 d5 2. Nf3 Nf6 3. Bf4 e6 4. e3 a6 5. Bd3 h6 6. Nc3 c5 7. a4 c4 8. Be2 Bb4 9. 0-0 Nc6 10. Na2 Bd6 11. Bxd6 Qxd6 12. Nh4 a5 13. Nc3 Qb4 14. Nb5 0-0 15. c3 Qe7 16. Nf3 b6 17. Ne5 Nxe5 18. dxe5 Nd7 19. f4 Nc5 20. Rf3 Bb7 21. Nd6 Nb3 22. Rb1 Bc6 23. Rg3 Bxa4 24. Bh5 f5 25. Bg6 Nc5 26. Qh5 Be8 27. Bxe8 Rfxe8 28. Qxh6 Ne4 29. Rg6 Nxd6 30. exd6 Qf7 31. Rg3 Ra7 32. Qh4 g6 33. Rh3 Qg7 34. Rf1 Rd7 35. Rff3 Rf8 36. Rfg3 Kf7 37. Qg5 Rg8 38. Rh6 Qf6 39. Rh7+ Rg7 40. Rh8 Qxg5 41. Rxg5 Rxd6 42. Rc8 Kf6 43. Rf8+ Rf7 44. Rh8 Kg7 45. Rh3 Kf6 46. Rh6 Rg7 47. h4 Kf7 48. Rh8 Rc6 49. Rb8 Rc7 50. Rxb6 Rh7 51. g3 Kf6 52. Ra6 Rb7 53. Rxa5 Rxb2 54. Ra1 Rc2 55. Ra3 Rb7 56. Ra1 Rxc3 57. Kf2 Rb2+ 58. Kf3 d4 59. Re1 Rbb3 60. h5 Rxe3+ 61. Rxe3 Rxe3+ 62. Kf2 c3 63. Rxg6+ Kf7 64. Rh6 c2 65. Rh7+ Kf6 66. Rc7 Rc3 0-1

[Event "SB-2017-0-00516"]
[Site "LSS email"]
[Date "2017.11.03"]
[Round "?"]
[White "Selmeczi, Jozsef"]
[Black "Trani, Francesco"]
[Result "1-0"]
[WhiteElo "1729"]
[BlackElo "1737"]
[PlyCount "111"]
[EventDate "2017.09.24"]
[EventType "tourn (corr)"]
[EventRounds "6"]
[EventCountry "GER"]
[SourceTitle "Corr 2022"]
[Source "ChessBase"]
[SourceDate "2021.10.24"]
[SourceVersion "1"]
[SourceVersionDate "2021.10.24"]
[SourceQuality "1"]

1. d4 Nf6 2. Nf3 e6 3. c4 b6 4. g3 Ba6 5. Qa4 Be7 6. Nc3 Bb7 7. Bg2 0-0 8. 0-0 Ne4 9. Nxe4 Bxe4 10. Rd1 d6 11. Be3 f5 12. Rac1 Bf6 13. h4 Qe7 14. Ng5 Bxg2 15. Kxg2 c5 16. d5 exd5 17. cxd5 Bxb2 18. Rb1 Be5 19. Ne6 Rc8 20. Bg5 Qf7 21. Rxb6 axb6 22. Qxa8 b5 23. a4 Qd7 24. axb5 Qxb5 25. Qa7 c4 26. Bf4 Qd7 27. Qb6 Bxf4 28. Nxf4 c3 29. Rc1 Qc7 30. Qe3 Kh8 31. h5 Nd7 32. h6 Nf8 33. Qd3 g6 34. Qd4+ Kg8 35. Qf6 Qf7 36. Qxd6 c2 37. Qe5 g5 38. Ne6 Nxe6 39. dxe6 Qe7 40. Qxf5 Rc4 41. Qb5 Rc8 42. Qb2 g4 43. Qd4 Qb7+ 44. Kh2 Qe7 45. Qxg4+ Kh8 46. Kg1 Rc7 47. Qd4+ Kg8 48. Qf4 Rc8 49. Qg4+ Kh8 50. Qd4+ Kg8 51. Qe4 Rc7 52. Qe5 Qc5 53. Qb2 Kf8 54. Qh8+ Ke7 55. Qxh7+ Kf6 56. Qg8 1-0

[Event "LSS No Engine Cup 171 Preliminary 0"]
[Site "LSS email"]
[Date "2017.07.10"]
[Round "?"]
[White "Glowinski, Daniel"]
[Black "Selmeczi, Jozsef"]
[Result "0-1"]
[WhiteElo "1938"]
[BlackElo "2090"]
[PlyCount "58"]
[EventDate "2017.07.11"]
[EventType "tourn (corr)"]
[EventRounds "6"]
[EventCountry "GER"]
[SourceTitle "Corr 2022"]
[Source "ChessBase"]
[SourceDate "2021.10.24"]
[SourceVersion "1"]
[SourceVersionDate "2021.10.24"]
[SourceQuality "1"]

1. e4 e5 2. Nf3 Nc6 3. Bb5 Bc5 4. 0-0 Nd4 5. Nxd4 Bxd4 6. c3 Bb6 7. d4 c6 8. Be2 exd4 9. cxd4 d5 10. e5 Ne7 11. Nc3 Nf5 12. Be3 f6 13. Qd2 Nxe3 14. fxe3 0-0 15. exf6 Rxf6 16. Bd3 Bc7 17. Rxf6 Qxf6 18. Rf1 Qh6 19. h3 Bd7 20. Qf2 Be6 21. a3 Re8 22. Ne2 Bd6 23. Nf4 Rf8 24. Qg3 Bd7 25. h4 Be7 26. h5 Bd6 27. Be2 Bf5 28. Bd1 g5 29. Rf2 Kh8 0-1

[Event "LSS No Engine Cup 145 Final"]
[Site "LSS email"]
[Date "2016.09.05"]
[Round "?"]
[White "Van Bommel, Ton"]
[Black "Selmeczi, Jozsef"]
[Result "1/2-1/2"]
[WhiteElo "2345"]
[BlackElo "2066"]
[PlyCount "79"]
[EventDate "2016.09.06"]
[EventType "tourn (corr)"]
[EventRounds "6"]
[EventCountry "GER"]
[SourceTitle "Corr 2022"]
[Source "ChessBase"]
[SourceDate "2021.10.24"]
[SourceVersion "1"]
[SourceVersionDate "2021.10.24"]
[SourceQuality "1"]

1. e4 d5 2. exd5 Nf6 3. d4 Qxd5 4. Nc3 Qd6 5. Nf3 a6 6. Bd3 g6 7. 0-0 Bg7 8. Ne2 0-0 9. Bf4 Qb6 10. c4 c5 11. d5 e6 12. Nc3 exd5 13. cxd5 Bg4 14. Be2 Qxb2 15. Na4 Qb4 16. Bd6 Re8 17. Rb1 Qa3 18. h3 Bf5 19. Rxb7 Ne4 20. Bc7 Bd7 21. Nb6 Nc3 22. Qb3 Qxb3 23. axb3 Bc8 24. Rxb8 Rxb8 25. Bxb8 Bxh3 26. Bc7 Nxe2+ 27. Kh1 Bg4 28. d6 Nd4 29. Nxd4 cxd4 30. f3 Be6 31. Rc1 Bf6 32. d7 Rf8 33. Bd6 Rd8 34. Bc7 Rxd7 35. Nxd7 Bxd7 36. Rc5 d3 37. Ba5 Kg7 38. Bc3 Be6 39. Rc6 Bxc3 40. Rxc3 1/2-1/2

[Event "ZI-2016-0-02147"]
[Site "LSS email"]
[Date "2016.04.13"]
[Round "?"]
[White "Krol, Wladyslaw"]
[Black "Selmeczi, Jozsef"]
[Result "1-0"]
[WhiteElo "1907"]
[BlackElo "1735"]
[PlyCount "102"]
[EventDate "2016.04.07"]
[EventType "match (corr)"]
[EventRounds "2"]
[EventCountry "GER"]
[SourceTitle "Corr 2022"]
[Source "ChessBase"]
[SourceDate "2021.10.24"]
[SourceVersion "1"]
[SourceVersionDate "2021.10.24"]
[SourceQuality "1"]

1. e4 e6 2. f4 d5 3. Nf3 dxe4 4. Ng5 f5 5. Bc4 Qf6 6. d3 h6 7. Nh3 exd3 8. Qxd3 Bc5 9. Qg3 Nc6 10. Nc3 Nd4 11. Bb3 Bb4 12. Qd3 Bd7 13. Be3 Nxb3 14. axb3 Qg6 15. 0-0-0 Nf6 16. Rhg1 0-0 17. g4 Rfd8 18. Bd4 Ne8 19. g5 a5 20. gxh6 Qxh6 21. Ng5 Bd6 22. Qe3 Nf6 23. Bxf6 Qxf6 24. Rg3 Re8 25. Rdg1 a4 26. bxa4 Ra5 27. Nf3 Re7 28. Rg6 Qf8 29. Ng5 Be8 30. Rxe6 Bf7 31. Rxe7 Qxe7 32. Qg3 Ra8 33. Kb1 Re8 34. Rd1 b6 35. Nb5 Qe2 36. Rg1 Re3 37. Qh4 Qh5 38. Qxh5 Bxh5 39. Nxd6 cxd6 40. Rg3 Re1+ 41. Ka2 Rf1 42. Rc3 Kf8 43. b4 Ke8 44. a5 bxa5 45. bxa5 Kd7 46. a6 Re1 47. a7 Re8 48. Rb3 Ra8 49. Rb7+ Kc6 50. Rxg7 d5 51. h4 d4 1-0

[Event "LSS No Engine Cup 145 Preliminary 0"]
[Site "LSS email"]
[Date "2015.12.27"]
[Round "?"]
[White "Koenig, Michael"]
[Black "Selmeczi, Jozsef"]
[Result "0-1"]
[WhiteElo "1804"]
[BlackElo "2028"]
[PlyCount "70"]
[EventDate "2015.12.28"]
[EventType "tourn (corr)"]
[EventRounds "6"]
[EventCountry "GER"]
[SourceTitle "Corr 2022"]
[Source "ChessBase"]
[SourceDate "2021.10.24"]
[SourceVersion "1"]
[SourceVersionDate "2021.10.24"]
[SourceQuality "1"]

1. d4 d5 2. Nf3 Nf6 3. e3 c5 4. c4 cxd4 5. exd4 Nc6 6. Nbd2 g6 7. Be2 Bg7 8. c5 0-0 9. 0-0 Ne4 10. Nb3 a5 11. Be3 a4 12. Nbd2 a3 13. bxa3 Nc3 14. Qe1 Re8 15. Bd3 e5 16. Nxe5 Nxe5 17. dxe5 Bxe5 18. Nf3 Bg7 19. Qd2 d4 20. Bh6 Bg4 21. Bxg7 Kxg7 22. Ng5 h6 23. Nxf7 Kxf7 24. Qxh6 Qf6 25. Qh7+ Kf8 26. Rfe1 Be2 27. Bxg6 Re7 28. Qh6+ Kg8 29. Bh7+ Kf7 30. Qh3 Rh8 31. Rac1 d3 32. Rxc3 Qxc3 33. Qf5+ Qf6 34. Qd5+ Qe6 35. Qxd3 Bxd3 0-1

[Event "LSS No Engine Cup 124 Final"]
[Site "LSS email"]
[Date "2015.09.21"]
[Round "?"]
[White "Kolanek, Roman"]
[Black "Selmeczi, Jozsef"]
[Result "1-0"]
[WhiteElo "2307"]
[BlackElo "2036"]
[PlyCount "120"]
[EventDate "2015.09.22"]
[EventType "tourn (corr)"]
[EventRounds "6"]
[EventCountry "GER"]
[SourceTitle "Corr 2022"]
[Source "ChessBase"]
[SourceDate "2021.10.24"]
[SourceVersion "1"]
[SourceVersionDate "2021.10.24"]
[SourceQuality "1"]

1. d4 d5 2. c4 e6 3. Nc3 Bb4 4. e3 c5 5. Nf3 Nf6 6. a3 Bxc3+ 7. bxc3 0-0 8. Bb2 Nc6 9. dxc5 Qa5 10. Qc2 Qxc5 11. cxd5 exd5 12. Bd3 Bg4 13. a4 Rfe8 14. Nd4 Nxd4 15. cxd4 Qxc2 16. Bxc2 Rac8 17. Bd3 g6 18. f3 Rxe3+ 19. Kd2 Rxd3+ 20. Kxd3 Bf5+ 21. Ke3 Rc2 22. g4 Bxg4 23. fxg4 Rxb2 24. Rhb1 Rxh2 25. g5 Ne4 26. Rxb7 a6 27. a5 Nd6 28. Ra7 Nf5+ 29. Kf4 Re2 30. Rxa6 Re4+ 31. Kf3 Nxd4+ 32. Kg2 Kg7 33. Rb6 Nc2 34. Ra2 Ne3+ 35. Kh3 Nc4 36. Rb7 Re3+ 37. Kh2 Nxa5 38. Rxa5 Re5 39. Raa7 Rf5 40. Rd7 d4 41. Rxd4 Rf3 42. Rg4 h5 43. gxh6+ Kxh6 44. Kg2 Rf5 45. Rg3 f6 46. Rf3 Rg5+ 47. Kf2 Rb5 48. Rxf6 Kh5 49. Kg3 Rb3+ 50. Rf3 Rb8 51. Ra5+ Kh6 52. Kf4 Rb4+ 53. Ke5 Rb7 54. Ra6 Kh5 55. Kf6 g5 56. Rf5 Kg4 57. Ra4+ Kh3 58. Kxg5 Rg7+ 59. Kh6 Rb7 60. Rg5 Rb6+ 1-0

[Event "LSS No Engine Cup 124 Final"]
[Site "LSS email"]
[Date "2015.09.21"]
[Round "?"]
[White "Selmeczi, Jozsef"]
[Black "Novikov, Konstantin Ivan"]
[Result "1-0"]
[WhiteElo "2036"]
[BlackElo "1900"]
[PlyCount "115"]
[EventDate "2015.09.22"]
[EventType "tourn (corr)"]
[EventRounds "6"]
[EventCountry "GER"]
[SourceTitle "Corr 2022"]
[Source "ChessBase"]
[SourceDate "2021.10.24"]
[SourceVersion "1"]
[SourceVersionDate "2021.10.24"]
[SourceQuality "1"]

1. d4 d5 2. Nf3 Nf6 3. c4 e6 4. Nc3 Be7 5. g3 0-0 6. Bg2 Nbd7 7. Qd3 b6 8. cxd5 Nxd5 9. 0-0 Bb7 10. Nxd5 exd5 11. Bf4 c5 12. b3 Re8 13. Rac1 Rc8 14. Bh3 g6 15. Ne5 Nxe5 16. Bxe5 Rc6 17. Bg2 Bf8 18. h4 Qd7 19. Rfd1 Qe6 20. e3 c4 21. Qd2 cxb3 22. Rxc6 Bxc6 23. axb3 f6 24. Bf4 Bb7 25. Kh2 Rc8 26. Bh3 f5 27. Bf1 a5 28. Bd3 Bb4 29. Qb2 Qe8 30. Be5 Rc3 31. h5 Qc6 32. hxg6 hxg6 33. Kg2 Bc8 34. Qa1 Kf7 35. Rh1 Rxd3 36. Rh8 Rd2 37. Qh1 Rxf2+ 38. Kxf2 Qc2+ 39. Kg1 Qd1+ 40. Kh2 Qxh1+ 41. Kxh1 Bd7 42. Rd8 Ke7 43. Rb8 b5 44. Kg2 g5 45. Kf3 Bc6 46. Bf6+ Ke6 47. Bxg5 Bd6 48. Rb6 Kd7 49. Ra6 a4 50. bxa4 bxa4 51. Bf4 Be7 52. Bb8 a3 53. Ra7+ Ke6 54. Bc7 Bb5 55. Bb6 Bd3 56. Kf2 Be4 57. Bc5 Bd8 58. Bxa3 1-0

[Event "LSS No Engine Cup 124 Final"]
[Site "LSS email"]
[Date "2015.09.21"]
[Round "?"]
[White "Zonneveld, Will"]
[Black "Selmeczi, Jozsef"]
[Result "1-0"]
[WhiteElo "2198"]
[BlackElo "2036"]
[PlyCount "156"]
[EventDate "2015.09.22"]
[EventType "tourn (corr)"]
[EventRounds "6"]
[EventCountry "GER"]
[SourceTitle "Corr 2022"]
[Source "ChessBase"]
[SourceDate "2021.10.24"]
[SourceVersion "1"]
[SourceVersionDate "2021.10.24"]
[SourceQuality "1"]

1. e4 e5 2. Nf3 Nf6 3. Nxe5 d6 4. Nf3 Nxe4 5. d4 d5 6. Bd3 Be7 7. 0-0 Nc6 8. c4 Nf6 9. Nc3 0-0 10. h3 Be6 11. c5 b6 12. Be3 bxc5 13. dxc5 Rb8 14. Bb5 Bd7 15. Re1 d4 16. Nxd4 Nxd4 17. Bxd7 Bxc5 18. Bxd4 Bxd4 19. Qxd4 Qxd7 20. Qxd7 Nxd7 21. Re2 Nf6 22. Rd1 Rfe8 23. Rxe8+ Rxe8 24. Nb5 g5 25. a4 Re2 26. b4 Re4 27. Nd4 a6 28. a5 Nd5 29. f3 Re8 30. Nc6 Nc3 31. Rd7 Nb5 32. Re7 Rf8 33. Kh2 Kg7 34. g4 Kf6 35. Kg3 Rg8 36. Re2 h6 37. h4 Nc3 38. Re7 Rc8 39. Re5 gxh4+ 40. Kxh4 Nb5 41. f4 Nd6 42. Re3 Ne8 43. Re7 Nd6 44. Kh5 Kg7 45. g5 Rh8 46. Rxc7 hxg5+ 47. Kxg5 Rh6 48. Ne5 Rf6 49. Rc6 Re6 50. Kg4 Nb5 51. Rxe6 fxe6 52. Kf3 Kf6 53. Ke4 Ke7 54. Nc6+ Kd6 55. Nb8 Nc7 56. Kd4 Nb5+ 57. Ke3 e5 58. f5 Ke7 59. Nxa6 Kf6 60. Ke4 Nc3+ 61. Kd3 Nb5 62. Nc5 Kxf5 63. a6 Nc7 64. a7 Na8 65. b5 e4+ 66. Kd4 e3 67. Kxe3 Ke5 68. b6 Nxb6 69. Nd7+ Nxd7 70. a8Q Nf6 71. Qb8+ Kd5 72. Qc7 Ke6 73. Kd4 Kf5 74. Qe5+ Kg6 75. Qf4 Kg7 76. Ke5 Nd7+ 77. Ke6 Nf8+ 78. Kf5 Kg8 1-0

[Event "BI-2015-P-0000"]
[Site "LSS email"]
[Date "2015.04.16"]
[Round "?"]
[White "Panov, Serg"]
[Black "Selmeczi, Jozsef"]
[Result "1/2-1/2"]
[WhiteElo "2347"]
[BlackElo "1714"]
[PlyCount "57"]
[EventDate "2015.04.22"]
[EventType "tourn (corr)"]
[EventRounds "10"]
[EventCountry "GER"]
[SourceTitle "Corr 2022"]
[Source "ChessBase"]
[SourceDate "2021.10.24"]
[SourceVersion "1"]
[SourceVersionDate "2021.10.24"]
[SourceQuality "1"]

1. e4 e5 2. Nf3 Nc6 3. Bb5 Nf6 4. d3 Bc5 5. c3 0-0 6. 0-0 Re8 7. Nbd2 d6 8. Qc2 Bd7 9. Nc4 Bg4 10. Nfd2 a6 11. Bxc6 bxc6 12. Nb3 Ba7 13. Be3 d5 14. Nca5 Bxe3 15. fxe3 dxe4 16. dxe4 Qe7 17. Nb7 h6 18. h3 Bh5 19. Rf2 Bg6 20. N3c5 Rab8 21. Qa4 Nxe4 22. Nxe4 Rxb7 23. Qxc6 Rb6 24. Qc4 Bxe4 25. Qxe4 Rd8 26. Qc4 Kf8 27. a4 f6 28. a5 Rb5 29. b4 1/2-1/2